000 006080000a22002290004500
003 LK-CoMWRAF
005 20231230154247.0
008 230817t1998 ||||| |||| 00| 0 eng d
020 _a0712670408
040 _aLK-CoMWRAF
_dLK-CoMWRAF
_eLK-CoMWRAF
041 _aeng
082 _a891.55
_bLOV
245 _aThe Love poems of rumi
260 _bLondon :
_aRider,
_c1998
300 _a62p. ; 19cm.
650 _aSufi poetry
650 _a Persian -- Translations into English
700 _aChopra, Deepak
_eed.
700 _aChopra, Deepak
_etrans.
700 _aKia, Fereydoun
_etrans.
942 _cBK
999 _c2214
_d2214